000 00713nam a2200169 4500
001 2657
090 _a2657
100 _a20190723b u||y0fre||u0ba y50
101 _aeng
200 _aInternational Women's Tribune Centre, Inc. Newsletter
_bPériodique
_eWomen and food
_fInternational Women's Tribune Centre, Inc. (IWTC)
210 _aEtats-Unis
_bInternational Women's Tribune Centre, Inc., 305 East 46th Street, Sixth Floor, New York, N.Y. 10017, USA
_cInternational Women's Tribune Centre, Inc.
606 _aFéminisme
_9429
606 _9428
_aSolidarité internationale
607 _91006
_aEtats-Unis d'Amérique
710 _96639
_aInternational Women's Tribune Centre, Inc. (IWTC)
801 _aCH
_bCH-002049-8
955 _r1979: 10